Fundamentals of aquatic ecology

Պահպանված է:
Մատենագիտական մանրամասներ
Հիմնական հեղինակ: Barnes, Richard Stephen Kent (Հեղինակ)
Այլ հեղինակներ: Mann, Kenneth Henry (autor)
Ձևաչափ: Գիրք
Լեզու:անգլերեն
Հրապարակվել է: Oxford Blackwell Scientific Publications 1991
Հրատարակություն:2a. ed
Խորագրեր:
Ցուցիչներ: Ավելացրեք ցուցիչ
Չկան պիտակներ, Եղեք առաջինը, ով նշում է այս գրառումը!

MARC

LEADER 00000nam a2200000 a 4500
001 UCZ8372
003 CL-VaPUC
008 960119e19910000UK |||||||||||||||||eng|d
082 0 4 |a 577.6  |b BAR  |2 21 
100 0 |a Barnes, Richard Stephen Kent  |e author  |9 353644 
700 |a Mann, Kenneth Henry  |e autor  |9 573284 
245 1 0 |a Fundamentals of aquatic ecology 
250 |a 2a. ed 
300 |a 270 p 
942 |c BK 
945 |d 19960119 00:00:00  |a mcarcey 
260 |a Oxford  |b Blackwell Scientific Publications  |c 1991 
650 0 |a Ecología acuática  |9 261395 
650 0 |a Ecosistemas acuáticos   |9 343699 
650 7 |a LAGOS  |2 CL-VaPUC  |9 261209 
650 0 |a Reproducción  |9 269783 
650 7 |a BIOGEOGRAFIA  |2 CL-VaPUC  |9 347934 
650 7 |a PECES  |2 CL-VaPUC  |9 353646 
583 |a last modification  |c 20190729 10:49:27  |k Rodrigo Vera 
999 |c 244295  |d 244293